LEADER 01570nam 2200397Ia 450 001 996397469503316 005 20200818212011.0 035 $a(CKB)4940000000059873 035 $a(EEBO)2248541980 035 $a(OCoLC)ocm17295039e 035 $a(OCoLC)17295039 035 $a(EXLCZ)994940000000059873 100 $a19871231d1687 uy | 101 0 $aeng 135 $aurbn||||a|bb| 200 10$aTwo discourses$b[electronic resource] $ethe first concerning the spirit of Martin Luther and the original of the Reformation : the second concerning the celibacy of the clergy 210 $aPrinted at Oxford $c[s.n.]$d1687 215 $a[8], 104, [4], 39 p 300 $aR.H. is a pseudonym of Abraham Woodhead--Cf. Wing, DNB, LCNA. 300 $a"A discourse concerning the celibacy of the clergy" has special t.p., pagination, and signatures. It was also published separately, and appears as Wing no. W3445 at Reel 855:3. 300 $aReproduction of original in the Union Theological Seminary Library, New York. 320 $aIncludes bibliographical references. 327 $aConsiderations concerning the spirit of M. Luther and the original of the Reformation -- A discourse concerning the celibacy of the clergy. 330 $aeebo-0160 606 $aReformation 606 $aCelibacy 615 0$aReformation. 615 0$aCelibacy. 700 $aR. H$f1609-1678.$01001862 801 0$bEAJ 801 1$bEAJ 801 2$bWaOLN 906 $aBOOK 912 $a996397469503316 996 $aTwo discourses$92308603 997 $aUNISA